Geography by Pictures (Medium-Hard) - C - Statistics

General Stats
  • This quiz has been taken 123 times
  • The average score is 8 of 14
Answer Stats
Picture Hint Answer % Correct
African Country Comoros
85%
Greek Island Crete (Creta)
81%
Lake in Africa Lake Chad
78%
African County Cabo Verde (Cape Verde)
73%
Landmark in Mexico Chichen Itza
71%
Spanish Exclave in Africa Ceuta
68%
City in China Chongqing
58%
City in the Philippines Cebu City
56%
Turkish Historical Region Cappadocia
49%
Caribbean Island Cayman Island
42%
Pacific Islands Cook Islands
34%
City in Thailand Chiang Mai
33%
City in Mexico Chihuahua
26%
Indonesian Island Celebes (Sulawesi)
25%
No matching quizzes found
Score Distribution
Percent of People with Each Score
Percentile by Number Answered
Your Score History
You have not taken this quiz